| 000 | 00562nam a2200133 a 4500 | ||
|---|---|---|---|
| 008 | 091209s1981 ||||||||||||||||| || u | ||
| 050 | _aPAPERS/STAFF | ||
| 100 | _aRosette, Jule B | ||
| 245 | 1 | 0 | _aWomens work in the Informal sector: a Zambian case study |
| 260 |
_aSan Diego _bUniversity of Califonia, Department of Sociology _c1981 |
||
| 350 | _a0.00 | ||
| 650 | _aINFORMAL SECTOR--GENDER ASPECTS | ||
| 995 |
_D0.00 _FCBU-MAIN LIBRARY (Kitwe) _H1 _I0.00 _M1 _UAVAILABLE _WDec 9, 2009 _ZUniversity Collection |
||
| 999 |
_c61877 _d61877 |
||